National Economic Recovery Plan : Agenda for Action

Bibliographic Details
Format: Book
Language:Malay
Published: Kuala Lumpur : Economic Planning Unit 1998
Subjects:

MARC

LEADER 00000cam a2200000 7i4500
001 0000005794
005 20240930.0
008 240418 my a may
040 |a INS   |b eng   |e rda 
090 0 0 |a RHC445.5   |b .N38 1998 
245 1 0 |a National Economic Recovery Plan :   |b Agenda for Action   |c National Economic Action Council 
264 1 |a Kuala Lumpur :   |b Economic Planning Unit   |c 1998 
300 |a 11 pages :   |b illustrations, colour photographs ;   |c 20 cm. 
336 |a text  |2 rdacontent 
337 |a unmediated  |2 rdamedia 
338 |a volume  |2 rdacarrier 
651 0 |a Malaysia   |x Economic conditions 
651 0 |a Malaysia   |x Economic policy 
720 2 |a National economic action council 
999 |a 0000007314   |b BOOK   |c Reference   |e Default branch 
999 |a 0000023094   |b BOOK   |c Red Spot   |e Default branch 
999 |a 0000023247   |b BOOK   |c Red Spot   |e Default branch